LIBRARY & INFORMATION CENTRE, KCAET, TAVANUR

ONLINE PUBLIC ACCESS CATALOGUE (OPAC)

Introduction to modern physics / (Record no. 7471)

MARC details
000 -LEADER
fixed length control field 00376cam a2200157ua 4500
020 ## - INTERNATIONAL STANDARD BOOK NUMBER
ISBN 8185095736
082 ## - DEWEY DECIMAL CLASSIFICATION NUMBER
Classification number 539
Item number MAN/IN
100 ## - MAIN ENTRY--AUTHOR NAME
Personal name Mani, HS .
245 ## - TITLE STATEMENT
Title Introduction to modern physics /
250 ## - EDITION STATEMENT
Edition statement 1 /
260 ## - PUBLICATION, DISTRIBUTION, ETC. (IMPRINT)
Place of publication New Delhi :
Name of publisher Affiliated East West Press Pvt Ltd ,
Year of publication 1992.
300 ## - PHYSICAL DESCRIPTION
Number of Pages 443 ; .
500 ## - GENERAL NOTE
General note *CSS
700 1# - ADDED ENTRY--PERSONAL NAME
Personal name Mehta, G K .
942 ## - ADDED ENTRY ELEMENTS (KOHA)
Koha item type Books
Holdings
Withdrawn status Lost status Damaged status Home library Current library Shelving location Date acquired Full call number Accession Number Koha item type
      KAUAET KAUAET Scheme 26/07/2018 539 MAN/IN 17898 Book Bank scheme for SC students
      KAUAET KAUAET Scheme 26/07/2018 539 MAN/IN 17899 Book Bank scheme for SC students
free website counter